Modelización de grupos de interés /
Guardado en:
| Otros Autores: | , |
|---|---|
| Formato: | Manuscrito |
| Idioma: | Spanish |
| Publicado: |
2006.
|
| Materias: | |
| Etiquetas: |
Agregar Etiqueta
Sin Etiquetas, Sea el primero en etiquetar este registro!
|
| LEADER | 00861ntm a22002295a 4500 | ||
|---|---|---|---|
| 001 | EEO.eeo001093 | ||
| 008 | 070914s2006####ag#####g#bm###000#0#spa#d | ||
| 005 | 20141212094100.0 | ||
| 245 | 1 | 0 | |a Modelización de grupos de interés / |c Gabriel Andrés Domingo. |
| 260 | |c 2006. | ||
| 300 | |a 30 h. ; |c 30 cm. | ||
| 502 | |a Tesis (licenciatura)--Universidad Nacional del Sur. Departamento de Economía, 2006. | ||
| 500 | |a Director de tesis: Fernando Tohmé. | ||
| 504 | |a Bibliografía: (p. 27-29). | ||
| 100 | 1 | |a Domingo, Gabriel Andrés. |4 dis | |
| 700 | 1 | |a Tohmé, Fernando. |4 ths | |
| 710 | 2 | |a Universidad Nacional del Sur. |b Departamento de Economía |4 dgg | |
| 650 | 7 | |a Grupos de interés. |2 Isoc | |
| 650 | 7 | |a Sistema político. |2 Isoc | |
| 653 | |a Tesis-Lic. en economía | ||
| 040 | |a AR-BaUEB |b spa |c AR-BaUEB | ||
| 859 | |a AR-BaUEB |b BIB. ECONOMIA - General |h I-UNS-T159 |p e13997 | ||
